Statistics for People with T Initials Quiz

Click here to take the quiz!

General Stats

  • This quiz has been taken 27,335 times
    (8,162 since last reset)
  • The average score is 13 of 23

Answer Stats

Initials Clue Person % Correct
TEInvented the light bulbThomas Edison
94%
TCProminent Scientologist who jumped on a couchTom Cruise
93%
THLife is like a box of chocolates, you never know what you're going to getTom Hanks
88%
TBBritish Prime Minister, 1997-2007Tony Blair
83%
TSWest Coast rapper killed in 1996Tupac Shakur
78%
TA"Home Improvement" star and voice of Buzz LightyearTim Allen
77%
TT"What's Love Got to Do With it"Tina Turner
74%
TKBrother of John and RobertTed Kennedy
66%
TJPurchased LouisianaThomas Jefferson
65%
TLFormer husband of Pamela AndersonTommy Lee
64%
TF"30 Rock" and "SNL" starTina Fey
62%
TPLeader of a band called "The Heartbreakers"Tom Petty
58%
TOLead singer of Dawn who shares his name with a Florida cityTony Orlando
58%
TRSoft speaker and big stick carrierTheodore Roosevelt
50%
TWPlaywright who wrote "A Streetcar Named Desire"Tennessee Williams
48%
TM"Utopia" author who became a Catholic saint after Henry VIII had him beheadedThomas More
47%
TD"Who's the Boss?"Tony Danza
45%
TUComedienne on whose show "The Simpsons" first appearedTracey Ullman
42%
TGEx-husband of Drew Barrymore who humped a dead mooseTom Green
40%
TYLead singer of RadioheadThom Yorke
35%
TNSherpa who summited Everest in 1953Tenzing Norgay
33%
TILead guitarist of Black SabbathTony Iommi
18%
TVEconomist who theorized that sales of luxury goods increase when prices go upThorstein Veblen
4%

Score Distribution

Percentile by Number Answered

Percent of People with Each Score

Your Score History

You have not taken this quiz since the last reset